书目信息 |
| 题名: |
无机热化学数据库
|
|
| 作者: | 许志宏 , 王乐珊 编著 | |
| 分册: | ||
| 出版信息: | 北京 科学出版社 1987 |
|
| 页数: | 320页 | |
| 开本: | 26cm | |
| 丛书名: | ||
| 单 册: | ||
| 中图分类: | TP392 | |
| 科图分类: | ||
| 主题词: | 计算机应用 | |
| 电子资源: | ||
| ISBN: | ||
| 000 | 00674nam0 2200253 45 | |
| 001 | 0187009350 | |
| 005 | 20040909083306.8 | |
| 010 | @dCNY5.30 | |
| 091 | @b13031.3660 | |
| 100 | @a19900808d1987 em y0chiy0121 ea | |
| 101 | 0 | @achi |
| 102 | @aCN@b110000 | |
| 105 | @ay z 000yy | |
| 106 | @ar | |
| 200 | 10 | @a无机热化学数据库@Awu ji re hua xue shu ju ku@f许志宏, 王乐珊编著 |
| 210 | @a北京@c科学出版社@d1987 | |
| 215 | @a320页@d26cm | |
| 606 | 0 | @a计算机应用 |
| 690 | @aTP392@v3 | |
| 701 | 0 | @a许志宏@Axu zhi hong@4编著 |
| 701 | 0 | @a王乐珊@Awang le shan@4编著 |
| 801 | 0 | @aCN@b深圳图书馆@c20040519 |
| 801 | 2 | @aCN@bNLC@c20040519 |
| 905 | @dTP392@e13@f1@b204490 | |
| 无机热化学数据库/许志宏, 王乐珊编著.-北京:科学出版社,1987 |
| 320页;26cm |
| ISBN :CNY5.30 |
| ● |
| 相关链接 |
|
|
|
|
正题名:无机热化学数据库
索取号:TP392/13
 
预约/预借
| 序号 | 登录号 | 条形码 | 馆藏地/架位号 | 状态 | 备注 |
| 1 | 0204489 | 001642119 | 密集书库/ [索取号:TP392/13] | 在馆 | |
| 2 | 0204490 | 001951114 | 密集书库/ [索取号:TP392/13] | 在馆 | |
| 3 | 0204491 | 001642253 | 第二样本阅览室/ [索取号:TP392/13] | 在馆 |